LEADER 00934nam a2200217 i 4500 001 000000189657 003 CaOOAMICUS 005 20210831103953.0 008 100514s1959 fr u000 u fre u 013 $a167933 040 $aSeMil$bita 245 10$a[Vol. 1]. 300 $aXVIII, 450 p., [1] c. di tav. ripieg. 490 0 $aCollection d'Études augustiniennes. Série antiquité 773 0 $aFontaine, Jacques <1922-2015>$tIsidore de Seville et la culture classique dans l'Espagne wisigothique.$dParis : Études Augustiniennes, 1959-[19--?]$kCollection d'Études augustiniennes. Série antiquité$g1$w()23352 830 0$aCollection d'Études augustiniennes. Série antiquité.$0(OLS)http://semarc/title/9394 850 $aSeMil 852 $aSeMil$W1$xVenegono$y1$m2T V 203$j140288$B140288$CSeMilBibl$Z2$F151907 $81 961 $aOmaggio: Altro 996 $6245$a[Vol. 1]$9(OLS)http://semarc/title/68439 LEADER 01031nam a2200217 i 4500 001 000000065729 003 CaOOAMICUS 005 20131114000000.0 008 131114s1970 xx u000 u spa u 013 $a36901 040 $aSeMil$bita 245 13$aLa Universidad en el Siglo de Oro. 300 $a652 p. 490 0 $aActa Salmanticensia : coleccion de memorias y trabadajos cientificos editados por la Universidad de Salamanca ;$v19 650 4$aSalamanca.$0(OLS)http://semarc/subject/4657 700 1 $aBeltran de Heredia y Ruiz de Alegria, Vicente.$0(OLS)http://semarc/name/13309 773 0 $aBeltran de Heredia y Ruiz de Alegria, Vicente$tCartulario de la Universidad de Salamanca.$d[Salamanca] : Universidad de Salamanca, 1970.$kActa Salmanticensia$g2$w()29133 830 0$aActa Salmanticensia ;$v19.$0(OLS)http://semarc/title/39566 850 $aSeMil 852 $aSeMil$W1$xVenegono$y1$m2N I 221$j31882$B31882$CSeMilBibl$Z2$F31885 $81 996 $6245$aLa Universidad en el Siglo de Oro$9(OLS)http://semarc/title/104371